Principles of Animal Taxonomy / (Record no. 12332)
[ view plain ]
| 000 -LEADER | |
|---|---|
| fixed length control field | 00725nam a2200241 a 4500 |
| 001 - CONTROL NUMBER | |
| control field | 12332 |
| 003 - CONTROL NUMBER IDENTIFIER | |
| rucl marc code | BD-RjUL |
| 005 - DATE AND TIME OF LATEST TRANSACTION | |
| control field | 20211208235256.0 |
| 008 - FIXED-LENGTH DATA ELEMENTS--GENERAL INFORMATION | |
| fixed length control field | 170320r19651962ii a 001 0 eng d |
| 035 ## - SYSTEM CONTROL NUMBER | |
| System control number | (BD-RjUL) |
| 040 ## - CATALOGING SOURCE | |
| Original cataloging agency | DLC |
| Transcribing agency | DLC |
| Modifying agency | DLC |
| -- | BD-RjUL |
| Language of cataloging | eng |
| 041 ## - LANGUAGE CODE | |
| Language code of text/sound track or separate title | eng |
| 082 00 - DEWEY DECIMAL CLASSIFICATION NUMBER | |
| Edition number | 23 |
| Classification number | 590.12 |
| Author mark and year | SIP 1965 |
| 100 1# - MAIN ENTRY--PERSONAL NAME | |
| Personal name | Simpson, George Gaylord. |
| 9 (RLIN) | 36185 |
| 245 00 - TITLE STATEMENT | |
| Title | Principles of Animal Taxonomy / |
| Statement of responsibility, etc. | George Gaylord Simpson. |
| 260 ## - PUBLICATION, DISTRIBUTION, ETC. (IMPRINT) | |
| Place of publication, distribution, etc. | New Delhi : |
| Name of publisher, distributor, etc. | Oxford Book Company, |
| Date of publication, distribution, etc. | 1965 |
| 300 ## - PHYSICAL DESCRIPTION | |
| Pagination | xii, 247 p. : |
| Illustrations | ill. ; |
| Size | 24 cm. |
| 490 0# - SERIES STATEMENT | |
| Series statement | Columbia biological series. |
| 500 ## - GENERAL NOTE | |
| General note | Includes index. |
| 650 #0 - SUBJECT ADDED ENTRY--TOPICAL TERM | |
| Topical term or geographic name as entry element | Animals |
| Form subdivision | Classification. |
| 9 (RLIN) | 38305 |
| 830 ## - SERIES ADDED ENTRY--UNIFORM TITLE | |
| Uniform title | Columbia biological series. |
| 942 ## - ADDED ENTRY ELEMENTS (KOHA) | |
| Source of classification or shelving scheme | Dewey Decimal Classification |
| Koha item type | Books |
| Lost status | Source of classification or shelving scheme | Damaged status | Not for loan | Collection code | Permanent Location | Current Location | Shelving location | Date acquired | Source of acquisition | Cost, normal purchase price | Total Checkouts | Full call number | Date last seen | Copy number | Koha item type |
|---|---|---|---|---|---|---|---|---|---|---|---|---|---|---|---|
| Dewey Decimal Classification | Non-fiction | Central Library, University of Rajshahi | Central Library, University of Rajshahi | 28/01/1975 | johanthan wren and co. | 4.75 | 590.12 SIP 1969 | 28/01/2014 | C-3 | Books | |||||
| Dewey Decimal Classification | Non-fiction | Central Library, University of Rajshahi | Central Library, University of Rajshahi | 28/01/1975 | Janathan wreu, Landon | 4.75 | 590.12 SIP 1969 | 24/11/2016 | C-2 | Books | |||||
| Dewey Decimal Classification | Not For Loan | Non-fiction | Central Library, University of Rajshahi | Central Library, University of Rajshahi | Reading Room | 20/03/2017 | 590.12 SIP 1965 | 20/03/2017 | C-1 | Books | |||||
| Dewey Decimal Classification | Non-fiction | Central Library, University of Rajshahi | Central Library, University of Rajshahi | 10/07/1982 | Aligorh library, Rajshahi | 30.00 | 590.12 SIP 1969 | 27/05/2017 | C-4 | Books | |||||
| Dewey Decimal Classification | Non-fiction | Central Library, University of Rajshahi | Central Library, University of Rajshahi | 16/03/1976 | Calcutta, K. P. Bagachi & co. | 10.00 | 590.12 SIP 1969 | 27/05/2017 | C-5 | Books | |||||
| Dewey Decimal Classification | Non-fiction | Central Library, University of Rajshahi | Central Library, University of Rajshahi | 16/03/1976 | Calcutta, K. P. Bagachi & co. | 10.00 | 590.12 SIP 1969 | 27/05/2017 | C-6 | Books | |||||
| Dewey Decimal Classification | Non-fiction | Central Library, University of Rajshahi | Central Library, University of Rajshahi | 16/03/1976 | Calcutta, K. P. Bagachi & co. | 10.00 | 590.12 SIP 1969 | 27/05/2017 | C-7 | Books | |||||
| Dewey Decimal Classification | Non-fiction | Central Library, University of Rajshahi | Central Library, University of Rajshahi | 16/03/1976 | Calcutta, K. P. Bagachi & co. | 10.00 | 590.12 SIP 1969 | 27/05/2017 | C-8 | Books | |||||
| Dewey Decimal Classification | Non-fiction | Central Library, University of Rajshahi | Central Library, University of Rajshahi | 16/03/1976 | Calcutta, K. P. Bagachi & co. | 10.00 | 590.12 SIP 1969 | 27/05/2017 | C-9 | Books | |||||
| Dewey Decimal Classification | Non-fiction | Central Library, University of Rajshahi | Central Library, University of Rajshahi | 10/07/1982 | Aligorh library, Rajshahi | 30.00 | 590.12 SIP 1969 | 27/05/2017 | C-10 | Books |